000 00320 a2200109 4500
001 ART_11156
005 20260410161855.0
008 260409a
245 1 0 _aEvolución de la economía occidental
100 1 _aDe Larosiere, Jacques
773 0 _tRevista de Economía
_g- Nº 35 (dic. 1982)
_wREV11077
999 _c25367
_d25367